| 000 | 00788nam a2200229 u 4500 | ||
|---|---|---|---|
| 005 | 20210223131049.0 | ||
| 008 | 090804s2002 es r 000 0 spa d | ||
| 020 | _a8446013266 | ||
| 035 | _aUPN01000171711 | ||
| 049 | _aI | ||
| 050 | 4 |
_aPZ78 _bE9.3 |
|
| 100 | 1 | _aEvano, Brigitte | |
| 245 | 1 | 0 |
_aErik y Harald, guerreros vikingos / _cBrigitte Evano ; il. de Walter Lalonde ; tr. Josefina Careaga. |
| 260 |
_aMadrid : _bAkal, _c2002. |
||
| 300 |
_a128 p. : _bil. |
||
| 440 | 0 |
_aPara descubrir a los clásicos ; _v4 |
|
| 500 | _a"Una lectura con juegos para descubrir a los clásicos" | ||
| 534 |
_pTitulo original: _tErik et Harald, guerriers vikings |
||
| 650 | 4 |
_aLIBROS Y LECTURA PARA LA JUVENTUD _910549 |
|
| 650 | 4 |
_aVIKINGOS - _vLITERATURA INFANTIL _911224 |
|
| 905 | _aInfantil | ||
| 999 |
_c143815 _d143815 |
||